Ultimate Percy Jackson Quiz - Statistics

General Stats
  • This quiz has been taken 122 times
  • The average score is 26 of 29
Answer Stats
Hint Answer % Correct
Son of Poseidon Percy Jackson
100%
Daughter of Athena Annabeth Chase
99%
Chosen one of Pan Grover Underwood
99%
Daughter of Zeus Thalia Grace
99%
God of Archery, Poetry, Healing... Apollo
98%
Goddess of Wisdom Athena
98%
God of the Underworld Hades
98%
Immortal Wife of Above Hera
98%
Son of Hermes Luke Castellan
98%
Son of Hades Nico DiAngelo
98%
God of the Sea Poseidon
98%
Above's Cyclopes brother Tyson
98%
God of the Sky Zeus
98%
God of War Ares
97%
Above's twin Artemis
97%
Goddess of Love Aphrodite
96%
Lieutenant of the Hunters Zoë Nightshade
96%
Sister of Above Bianca DiAngelo
95%
Titan of Time Kronos
95%
Daughter of Ares Clarisse LaRue
94%
God of Wine Dionysus
94%
Above's father Atlas
93%
Goddess of Agriculture Demeter
91%
Son of Nemesis Ethan Nakamura
88%
Daughter of Aphrodite Silena Beauregard
88%
Son of Hephaestus Charles Beckendorf
78%
Titan of the Sea Oceanus
58%
The gods' main enemy Typhon
54%
Mother of above Leto
47%
No matching quizzes found
Score Distribution
Percent of People with Each Score
Percentile by Number Answered
Your Score History
You have not taken this quiz